65 najnowszych transferów okienka 2019/2020 - Statystyki

Ogólne statystyki
  • Ten quiz został rozwiązany 389 razy
  • Średni wynik to 51 z 65
Statystyki odpowiedzi
Zawdonik Klub % Poprawnych
Antoine Griezmnan FC Barcelona
99%
Neto FC Barcelona
99%
Frenkie de Jong FC Barcelona
99%
Adrien Rabiot Juventus
99%
Aaron Ramsey Juventus
99%
Maurizio Sarri (Trener) Juventus
99%
Gianluigi Buffon Juventus
99%
Gonzalo Higuain Juventus
99%
Luca Pellegrini Juventus
99%
Matthijs De Ligt Juventus
99%
João Félix Atletico Madryt
98%
Marcos Llorente Atletico Madryt
98%
Felipe Atletico Madryt
98%
Héctor Herrera Atletico Madryt
98%
Kieran Trippier Atletico Madryt
98%
Eden Hazard Real Madryt
98%
Luka Jović Real Madryt
98%
Rodrygo Goes Real Madryt
98%
Ferland Mendy Real Madryt
98%
Éder Militão Real Madryt
98%
Aaron Wan-Bissaka Manchester United
97%
Mats Hummels Borussia Dortmund
96%
Julian Brandt Borussia Dortmund
96%
Thorgan Hazard Borussia Dortmund
96%
Nico Schulz Borussia Dortmund
96%
Frank Lampard (Trener) Chelsea
96%
Christian Pulisic Chelsea
96%
Lucas Hernández Bayern Monachium
94%
Benjamin Pavard Bayern Monachium
94%
Diego Godín Inter Mediolan
93%
Nicolò Barella Inter Mediolan
93%
Rodri Hernandez Manchester City
93%
Angeliño Manchester City
93%
Jack Clarke Tottenham
90%
Dani Ceballos Arsenal
84%
Kostas Manolas Napoli
84%
Tanguy Ndombele Tottenham
84%
Jasper Cilessen Valencia
79%
Quincy Promes Ajax
77%
Razvan Marin Ajax
77%
Lisandro Martinez Ajax
77%
Ander Herrera Paris Saint-Germain
77%
Pablo Sarabia Paris Saint-Germain
77%
Abdou Diallo Paris Saint-Germain
77%
Nabil Fekir Real Betis
72%
Vincent Kompany Anderlecht
70%
Leonardo Spinazzola AS Roma
66%
Pablo Fornals West Ham
66%
Sebastien Haller West Ham
66%
Ayoze Pérez Leicester City
65%
Youri Tielemans Leicester City
65%
Sergio Reguilón Sevilla
63%
Kerem Demirbay Bayer Leverkusen
60%
Moussa Diaby Bayer Leverkusen
60%
Danny Ings Southampton
54%
Fabian Delph Everton
53%
Raul Jimenez Wolverhampton
53%
Kevin Mbabu Wolfsburg
47%
Joelinton Newcastle United
45%
Wesley Moraes Aston Villa
35%
Denis Suarez Celta Vigo
33%
Jean Michaël Seri Galatasaray
23%
Marko Arnautović Shanghai SIPG
8%
Yacine Brahimi Al Rayyan
1%
Daniel James Manchetser United
0%
Nie znaleziono quizów pasujących do podanych kryteriów
Rozkład punktacji
Procent ludzi z każdym wynikiem
Percentyl według liczby udzielonych odpowiedzi
Twoja historia wyników
Nie rozwiązałeś tego quizu